| 000 | 00792nam a2200193 a 4500 | ||
|---|---|---|---|
| 008 | 100119s2008 ||||||||||||||||| || u | ||
| 020 | _a9780521898621 | ||
| 050 | _aQH 31.D2 Dar | ||
| 100 | _aBurkhardt, Frederick | ||
| 245 | 1 | 0 |
_aOrigins: selected letters of Charles Darwin, 1822 - 1859 _cedited by Frederick Burkhardt |
| 260 |
_aCambridge _bCambridge University Pres _c2008 |
||
| 300 | _axxviii, 253p.: ill. | ||
| 350 | _a0.00 | ||
| 650 | _aDARWIN, CHARLES, 1809-1882 --CORRESPONDENCE | ||
| 650 | _aSCIENTISTS | ||
| 650 | _aNATURALISTS --GREAT BRITAIN --CORRESPONDENCE | ||
| 700 | _aDarwin, Charles, 1809-1882 | ||
| 995 |
_D0.00 _FCBU-MAIN LIBRARY (Kitwe) _H1 _I0.00 _M1 _UAVAILABLE _WApr 13, 2010 _ZMain Library Open Access Collection |
||
| 999 |
_c52947 _d52947 |
||